| 000 | 00479nam a2200145 i 4500 | ||
|---|---|---|---|
| 001 | 183703 | ||
| 003 | ES-MaACL | ||
| 005 | 20230906221945.0 | ||
| 008 | 140929s1913 fr |||| | fre d | ||
| 245 | 0 | 0 |
_aHotels=Garages _b: renseignement pratiques 1913 / _cSyndicat d'Initiative de la Creuse. |
| 260 |
_a[S.l. : _bs.n., _c1913] ( _eParis : _fGuillemont & de Lamothe) |
||
| 300 |
_a8 p. ; _c19 cm. |
||
| 651 | 4 |
_aCreuse (France)- _vGuias. _9155615 |
|
| 852 |
_aES-MaACL _jT-1424-F-5 |
||
| 999 |
_c183703 _d183703 |
||